000 00456nam a22001697a 4500
005 20240819094430.0
008 240819b |||||||| |||| 00| 0 eng d
020 _a81:7754-182-X
050 _aSB 401.C3M36 2007
100 _aDR. MANDAL R.C
245 _aCACHEW PRODUCTION AND PROCESSING TECHNOLOGY
260 _aINDIA
_bAGROBIOS
_c2007
300 _aX,208
500 _aINCLUDES REFERENCES AND APPENDIX
650 _a Cashew nut.
942 _2lcc
_cBK
999 _c211520
_d211520